Welcome to CU Library Online Public Access Catalogue (OPAC)

Fundamentals of investments / (Record no. 3432)

MARC details
000 -LEADER
fixed length control field 00559cam a22001934a 4500
001 - CONTROL NUMBER
control field 12714247
005 - DATE AND TIME OF LATEST TRANSACTION
control field 20250204153905.0
008 - FIXED-LENGTH DATA ELEMENTS--GENERAL INFORMATION
fixed length control field 020322s2002 enka b 001 0 eng
020 ## - INTERNATIONAL STANDARD BOOK NUMBER
International Standard Book Number 0273651692 (alk. paper)
050 00 - LIBRARY OF CONGRESS CALL NUMBER
Classification number HG4521
Item number .L627 2002
082 00 - DEWEY DECIMAL CLASSIFICATION NUMBER
Classification number 332.6
Edition information 21
100 1# - MAIN ENTRY--PERSONAL NAME
Personal name Levy, Haim.
245 10 - TITLE STATEMENT
Title Fundamentals of investments /
Statement of responsibility, etc. Haim Levy.
260 ## - PUBLICATION, DISTRIBUTION, ETC.
Place of publication, distribution, etc. Harlow, England ;
-- New York :
Name of publisher, distributor, etc. Financial Times/Prentice Hall,
Date of publication, distribution, etc. 2002.
300 ## - PHYSICAL DESCRIPTION
Extent xxix, 569 p. :
Other physical details ill. ;
Dimensions 25 cm.
650 #0 - SUBJECT ADDED ENTRY--TOPICAL TERM
Topical term or geographic name entry element Securities.
650 #0 - SUBJECT ADDED ENTRY--TOPICAL TERM
Topical term or geographic name entry element Investments.
942 ## - ADDED ENTRY ELEMENTS (KOHA)
Source of classification or shelving scheme Library of Congress Classification
Koha item type Books
Suppress in OPAC No
999 ## -
-- 3432
-- 3432
Holdings
Withdrawn status Lost status Source of classification or shelving scheme Damaged status Not for loan Collection Home library Current library Shelving location Date acquired Total checkouts Full call number Barcode Date last seen Copy number Price effective from Koha item type
    Library of Congress Classification     Non-fiction Undergraduate Library (Christ Temple) Undergraduate Library (Christ Temple) General stacks 02/04/2025   HG4521.L62 LEV ulct00001047 02/04/2025 1 02/04/2025 Books
© 2023-2024 Copyright: Central University Libraries. All Rights Reserved | Created by: Mahone Tech Office